Katarynka - Quiz - Statystyki

Ogólne statystyki
  • Ten quiz został rozwiązany 88 razy
    87 od ostatniego zresetowania
  • Średni wynik to 12 z 15
Statystyki odpowiedzi
Zagadnienie Odpowiedź % Poprawnych
Kto był autorem ,,Katarynki'' ? Bolesław Prus
100%
Utwór jest: nowelą
100%
Dziewczynka była / miała: ślepa
95%
Po jakiej ulicy chodził bohater? Miodowej
89%
Gdy pewnego dnia, pod dom bohatera (i gdzie później wprowadziła się dziewczynka) przyszedł kataryniarz, dziewczynka skakała i tańczyła do melodii, która wydobywała się z katarynki. Prawda
89%
Spowodowało, to, że bohater zmienił postawę i zdanie o katarynkach, ze względu na dziewczynkę, która była chora i ciągle smutna. Lecz, gdy słyszała dźwięk i muzykę z katarynek, odrazu tańczyła i cieszyła się. Prawda
89%
Bohater książki nie znosi: katarynek i kataryniarzy - bo uważał, ze muzyka to ciało ducha, a maszyna to zabija.
84%
Czy rodzina dziewczynki była zamożna? Nie, nie była
84%
Głównym bohaterem utworu był / była: Pan Tomasz
84%
Bohater był: adwokatem na emeryturze, mecenasem
79%
W dzień pochmurny miał zaś: jedwabny angielski parasol
79%
Gdzie zazwyczaj siedziała dziewczynka? przy oknie
74%
Co robiły opiekunki sąsiadki bohatera? szyły
74%
W dzień pogodny pod pachą nosił: laskę
68%
Podaj zestaw z cechami wyglądu zewnętrznego bohatera: łagodne oczy, rumiana twarz, wyszarzany cylinder, połyskujące buty
47%
Nie znaleziono quizów pasujących do podanych kryteriów
Rozkład punktacji
Procent ludzi z każdym wynikiem
Percentyl według liczby udzielonych odpowiedzi
Twoja historia wyników
Nie rozwiązałeś tego quizu od ostatniego zresetowania